Central Library OPAC University of Rajshahi

The study of man / (Record no. 70281)

MARC details
000 -LEADER
fixed length control field 00862nam a2200277 a 4500
001 - CONTROL NUMBER
control field 70281
003 - CONTROL NUMBER IDENTIFIER
rucl marc code BD-RjUL
005 - DATE AND TIME OF LATEST TRANSACTION
control field 20211209082001.0
008 - FIXED-LENGTH DATA ELEMENTS--GENERAL INFORMATION
fixed length control field 170417s19691959xx 000 0 eng
035 ## - SYSTEM CONTROL NUMBER
System control number (BD-RjUL)70495
040 ## - CATALOGING SOURCE
Original cataloging agency DLC
Transcribing agency UTL
Modifying agency IAV
-- m.c.
-- BD-RjUL
Language of cataloging eng
041 ## - LANGUAGE CODE
Language code of text/sound track or separate title eng
082 ## - DEWEY DECIMAL CLASSIFICATION NUMBER
Edition number 23
Classification number 121
Author mark and year POS 1969
099 ## - LOCAL FREE-TEXT CALL NUMBER (OCLC)
Bangla Class number BD161.P762 1959B
100 1# - MAIN ENTRY--PERSONAL NAME
Personal name Polanyi, Michael,
Dates associated with a name 1891-1976.
9 (RLIN) 128421
245 14 - TITLE STATEMENT
Title The study of man /
Statement of responsibility, etc. Michael Polanyi
260 ## - PUBLICATION, DISTRIBUTION, ETC. (IMPRINT)
Place of publication, distribution, etc. London :
Name of publisher, distributor, etc. Routledge & Paul,
Date of publication, distribution, etc. 1959 [impression1969]
300 ## - PHYSICAL DESCRIPTION
Pagination 102 p. ;
Size 20 cm.
490 1# - SERIES STATEMENT
Series statement Lindsay memorial lectures ;
Volume/sequential designation 1958
504 ## - BIBLIOGRAPHY, ETC. NOTE
Bibliography, etc "Bibliographical note": p. 100-102.
650 #0 - SUBJECT ADDED ENTRY--TOPICAL TERM
Topical term or geographic name as entry element Knowledge,
Form subdivision Theory
9 (RLIN) 136074
Topical term or geographic name as entry element Science
General subdivision Philosophy.
9 (RLIN) 208133
830 #0 - SERIES ADDED ENTRY--UNIFORM TITLE
Uniform title Lindsay memorial lectures ;
Volume number/sequential designation 1958.
942 ## - ADDED ENTRY ELEMENTS (KOHA)
Source of classification or shelving scheme Dewey Decimal Classification
Koha item type Books
949 ## - LOCAL PROCESSING INFORMATION (OCLC)
a MYGH
b 39080004506397
Holdings
Lost status Source of classification or shelving scheme Damaged status Not for loan Collection code Permanent Location Current Location Shelving location Date acquired Source of acquisition Total Checkouts Full call number Date last seen Copy number Koha item type
  Dewey Decimal Classification   Not For Loan Non-fiction Central Library, University of Rajshahi Central Library, University of Rajshahi Reading Room 24/12/1973 U.S. Govt.   121 POS 1969 17/04/2017 C-1 Books